| 000 | 00639nam a2200217Ia 4500 | ||
|---|---|---|---|
| 005 | 20220617102313.0 | ||
| 008 | 210716s2008 xx 000 0 und d | ||
| 020 | _a9788177583359 | ||
| 040 | _cAIMIT LIBRARY | ||
| 041 | _aeng | ||
| 082 |
_a005.73 _23 _bKNUD |
||
| 100 |
_aKnuth, Donald E. _943571 |
||
| 245 |
_aArt of computer programming : _bseminumerical algorithms / _cBy Donald E. Knuth. |
||
| 250 | _a3rd ed. | ||
| 260 |
_aNew Delhi : _bPearson Education , _c2008 . |
||
| 300 |
_axiii, 762p. ; _c24 cm. |
||
| 440 | _v2 | ||
| 650 |
_aArithmetic _943572 |
||
| 650 |
_aRandom numbers _943573 |
||
| 942 |
_2ddc _cBK _e3rd _k005.73 KNUD |
||
| 999 |
_c190824 _d190824 |
||